Guess the celebrity - Hunger Games franchise - Statistics

General Stats
  • This quiz has been taken 27 times
  • The average score is 10 of 24
Answer Stats
Picture Hint Answer % Correct
Katniss Everdeen Jennifer Lawrence
100%
Peeta Mellark Josh Hutcherson
79%
Maysilee Donner (SOTR) McKenna Grace
79%
Lucy Gray (TBOSAS) Rachel Zegler
75%
Effie Trinket Elizabeth Banks
67%
Coriolanus Snow (SOTR) Ralph Fiennes
67%
Caesar Flickerman Stanley Tucci
63%
Cinna Lenny Kravitz
58%
Finnick O'Dair Sam Claflin
54%
Coriolanus Snow (TBOSAS) Tom Blyth
54%
Coriolanus Snow Donald Sutherland
50%
Plutarch Heavensbee Philip Seymour Hoffman
42%
Haymitch (SOTR) Joseph Zada
38%
President Alma Coin Julianne Moore
33%
Rue Amandla Stenberg
29%
Tigris Snow (TBOSAS) Hunter Schafer
29%
Primrose Everdeen Willow Shields
25%
Beetee Latier Jeffrey Wright
17%
Johanna Mason Jena Malone
13%
Cressida Natalie Dormer
13%
Seneca Crane Wes Bentley
13%
Sejanus Plinth (TBOSAS) Josh Andrés Rivera
4%
Glimmer Leven Rambin
4%
Asterid Everdeen Paula Malcolmson
4%
No matching quizzes found
Score Distribution
Percent of People with Each Score
Percentile by Number Answered
Your Score History
You have not taken this quiz